Perspectives and reflections of India's nation-building : (Record no. 90541)

MARC details
000 -LEADER
fixed length control field 00664nam a22001937a 4500
005 - DATE AND TIME OF LATEST TRANSACTION
control field 20150107105206.0
010 ## - LCCN (DPL NO)
LC control number ENG-111512
020 ## - INTERNATIONAL STANDARD BOOK NUMBER
International Standard Book Number 9788174878748
Terms of availability 875.00
035 ## - SYSTEM CONTROL NUMBER
System control number EN-95044
037 ## - SOURCE OF ACQUISITION
Source of stock number/acquisition DBAD/PUB
082 ## - DEWEY DECIMAL CLASSIFICATION NUMBER
Classification number 378.54
245 ## - TITLE STATEMENT
Title Perspectives and reflections of India's nation-building :
Statement of responsibility, etc edited by Rajendra prasad
Remainder of title in honour of professer Gautam Sen /
260 ## - PUBLICATION, DISTRIBUTION, ETC. (IMPRINT)
Place of publication, distribution, etc New Delhi
Name of publisher, distributor, etc Radha Publications
Date of publication, distribution, etc 2014
270 ## - ADDRESS
Address 4231/1,Ansari Road,Daryaganj
City New Delhi
Postal code 110002
300 ## - PHYSICAL DESCRIPTION
Extent xi,362p. :
Other physical details ill.
Dimensions 22cm(pbk)
500 ## - GENERAL NOTE
General note Includes bibliographical references
700 ## - ADDED ENTRY--PERSONAL NAME
Personal name Rajendra Prasad
942 ## - ADDED ENTRY ELEMENTS (KOHA)
Source of classification or shelving scheme Dewey Decimal Classification
Item type English Books
Call number suffix PER
Classification part 378.54
Holdings
Withdrawn status Lost status Not for loan Collection code Home library Current library Date acquired Source of acquisition Cost, normal purchase price Full call number Barcode Copy number Cost, replacement price Koha item type
    Not For Loan Non-fiction D.B.Act.Division D.B.Act.Division 06/01/2015 DBAD / PUB 875.00 378.54 PER EN-95044 1 875.00 English Books

© Delhi Public Library
Hit Counter
free hit counter